Circuits automobiles à l'aide d'un Onboard en SVG #3 - Statistiques

Statistiques générales
  • Ce quiz a été pris 142 fois
  • Le résultat moyen est 3 sur 10
Réponses sur la Carte
Les réponses sont colorées sur une échelle allant du rouge au vert en fonction du pourcentage des utilisateurs qui les ont devinées à leur premier essai. Vous pouvez retrouver ces pourcentages ci-dessous.
 
Statistiques - réponses
Circuit % Correct
Circuit Yas Marina
63%
Circuit Gilles-Villeneuve
61%
Hockenheimring
57%
Circuit du Mugello
46%
Circuit international de Sepang
30%
Hungaroring
27%
Fuji Speedway
22%
Brands Hatch
19%
Circuit de Berlin-Tempelhof
15%
Martinsville Speedway
6%
Aucun quiz correspondant
Distribution des résultats
% des personnes avec chaque résultat
Percentile par nombre de réponses
Votre historique - résultats
Vous n’avez pas pris ce quiz